Cuaderno de bitácora (Registro nro. 58304)

Detalles MARC
000 -ENCABEZADO
Número de control [NR] 01405cam a2200265Ma 4500
005 - FECHA Y HORA DE LA ÚLTIMA TRANSACCIÓN
control field 20211111075711.0
008 - DE LONGITUD FIJA DE DATOS DE ELEMENTOS - INFORMACIÓN GENERAL
Elementos de longitud fija [NR] 171214s2007 ck o b 000 0 spa d
020 ## - NUMERO INTERNACIONAL NORMALIZADO PARA LIBROS [R]
Número Internacional Normalizado del libro [NR] 9789584422798
020 ## - NUMERO INTERNACIONAL NORMALIZADO PARA LIBROS [R]
Número Internacional Normalizado del libro [NR] 9584422790
035 ## - NUMERO DE CONTROL DEL SISTEMA [R]
Número de control del sistema [NR] (OCoLC)964754959
040 ## - FUENTE DE CATALOGACION [NR]
Agencia de catalogación original [NR] CO-BoUCM
Idioma de catalogación [NR] spa
Quien Cataloga Sandra Palacio (modificó)
Quien Clasifica Sandra Palacio (modificó)
041 0# - CODIGO DE IDIOMA [R]
Código de idioma para texto/pista de sonido o título separado [R] Español
245 00 - MENCION DE TITULO [NR]
Título [NR] Cuaderno de bitácora
Parte restante del título [NR] tiempo de mariposas : un recorrido por el realismo mágico
Mención de responsabilidad, etc. [NR] Edición Fundación Carolina Colombia
260 ## - PUBLICACION, DISTRIBUCION, ETC. (PIE DE IMPRENTA) [R]
Lugar de publicación, distribución, etc. [R] Bogotá (Colombia)
Nombre del editor, distribuidor, etc. [R] Fundación Carolina Colombia
Fecha de publicación, distribución, etc. [R] 2007
300 ## - DESCRIPCION FISICA [R]
Extensión [R] 235 páginas
Otros detalles físicos [NR] fotografías blanco y negro
500 ## - NOTA GENERAL [R]
Nota general [NR] Textos presentados en el "Diplomado Cartagena de Indias: conocimiento vital del Caribe" de la Universidad Tecnológica de Bolívar con la colaboración de la Fundación Carolina dentro de la Escuela de Verano.
600 14 - ASIENTO SECUNDARIO DE MATERIA - NOMBRE PERSONAL [R]
Nombre personal [NR] García Márquez, Gabriel
Fechas asociadas con el nombre [NR] 1927-2014
Subdivisión general [R] Crítica e interpretación
Subdivisión de forma [R] Ensayos, conferencias, etc.
9 (RLIN) 90592
650 17 - ASIENTO SECUNDARIO DE MATERIA - TERMINO TEMATICO [R]
Término temático o nombre geográfico como elemento de entrada [NR] Autores colombianos
Subdivisión general [R] Historia y crítica
Subdivisión de forma [R] Ensayos, conferencias, etc.
9 (RLIN) 90593
650 27 - ASIENTO SECUNDARIO DE MATERIA - TERMINO TEMATICO [R]
Término temático o nombre geográfico como elemento de entrada [NR] Novelistas colombianos
9 (RLIN) 90491
650 27 - ASIENTO SECUNDARIO DE MATERIA - TERMINO TEMATICO [R]
Término temático o nombre geográfico como elemento de entrada [NR] Literatura colombiana
Subdivisión general [R] Historia y crítica
Subdivisión cronológica [R] Siglo XX
Subdivisión de forma [R] Ensayos, conferencias, etc.
9 (RLIN) 90594
710 1# - ASIENTO SECUNDARIO - NOMBRE CORPORATIVO [R]
Nombre corporativo o de jurisdicción como elemento de entrada [NR] Fundación Carolina Colombia
9 (RLIN) 90601
942 ## - ELEMENTOS DE ENTRADA AGREGADOS (KOHA)
Sistema de clasificación DEWEY
Tema principal Literatura
Tipo de ítem principal el descrito en 300a Libro
Edición 1
Clasificación 860.01
Prefijo de la signatura top. (colección) Literatura - Colombia
Parte restante de la signatura top. C961cb
Existencias
Fecha de último préstamo Total préstamos Signatura topográfica Código de barras Última vez visto Ejemplar Price effective from Tipo de ítem Perdido Sistema de clasificación Dañado No prestable Tipo de ítem específico Suprimido Ubicación habitual Ubicación actual Localización Fecha de creación Forma de adquisición Costo
24/11/2014 1 860.01 C961cb 100095586 19/05/2025 Ej.1 03/02/2013 Libro   DEWEY     Libro   Sede del emprendimiento y la innovación Sede del Emprendimiento, Innovación y Creación 1er piso 30/09/2009 Donación 26000.00